书目信息 |
| 题名: |
宗教社会学
|
|
| 作者: | 戴康生 , 彭耀 主编 | |
| 分册: | ||
| 出版信息: | 北京 社会科学文献出版社 2000 |
|
| 页数: | 387页 | |
| 开本: | 20cm | |
| 丛书名: | 现代社会学文库 | |
| 单 册: | ||
| 中图分类: | C51 | |
| 科图分类: | ||
| 主题词: | 宗教社会学--丛书 , 社会科学--多卷书 | |
| 电子资源: | ||
| ISBN: | 7-80149-329-X | |
| 000 | 00689nam0 2200241 45 | |
| 001 | 0207020801 | |
| 005 | 20031219104056.9 | |
| 010 | @a7-80149-329-X@dCNY23.00 | |
| 100 | @a20020702d2000 km y0chiy0120 ea | |
| 101 | 0 | @achi |
| 105 | @a z 000yy | |
| 200 | 1 | @a宗教社会学@AZong Jiao She Hui Xue@f戴康生,彭耀主编@FDai Kang Sheng,Peng Yao Zhu Bian |
| 210 | @a北京@c社会科学文献出版社@d2000 | |
| 215 | @a387页@d20cm | |
| 225 | @a现代社会学文库 | |
| 410 | @12001 @a现代社会学文库 | |
| 606 | 0 | @a宗教社会学@x丛书 |
| 606 | 0 | @a社会科学@x多卷书 |
| 690 | @aC51@v4 | |
| 701 | 0 | @a戴康生@4主编 |
| 701 | 0 | @a彭耀@4主编 |
| 801 | @aCN@bTSTC@c20020702 | |
| 905 | @b313321-328@dC51@e114:12@f8 | |
| 宗教社会学/戴康生,彭耀主编.-北京:社会科学文献出版社,2000 |
| 387页;20cm.-(现代社会学文库) |
| ISBN 7-80149-329-X:CNY23.00 |
| ● |
| 相关链接 |
|
|
|
|
正题名:宗教社会学
索取号:C51/114:12
 
预约/预借
| 序号 | 登录号 | 条形码 | 馆藏地/架位号 | 状态 | 备注 |
| 1 | 0313321 | 203133215 | 教育系资料室/ [索取号:C51/114:12] | 在馆 | |
| 2 | 0313322 | 203133224 | 第一借阅区/ [索取号:C51/114:12] | 在馆 | |
| 3 | 0313323 | 203133233 | 教育系资料室/ [索取号:C51/114:12] | 在馆 | |
| 4 | 0313324 | 203133242 | 密集书库/ [索取号:C51/114:12] | 在馆 | |
| 5 | 0313325 | 203133251 | 第一借阅区/ [索取号:C51/114:12] | 在馆 | |
| 6 | 0313326 | 203133260 | 密集书库/ [索取号:C51/114:12] | 在馆 | |
| 7 | 0313327 | 203133279 | 教育系资料室/ [索取号:C51/114:12] | 在馆 | |
| 8 | 0313328 | 203133288 | 第一样本阅览室/ [索取号:C51/114:12] | 在馆 |